000
00229nam a2200097Ia 4500
005
20251222114358.0
008
251222s1900||||xx |||||||||||||| ||spa||
082
_a
DVD0010/M12/1990
245
0
_a
La caza al octubre rojo:
942
_c
DVD
999
_c
1502
_d
1502